Shadow in enternity / (Record no. 157543)

MARC details
000 -LEADER
fixed length control field 00552nam a22002057a 4500
003 - CONTROL NUMBER IDENTIFIER
control field dpl
005 - DATE AND TIME OF LATEST TRANSACTION
control field 20180918115657.0
008 - FIXED-LENGTH DATA ELEMENTS--GENERAL INFORMATION
fixed length control field 180918b ||||| |||| 00| 0 eng d
010 ## - LIBRARY OF CONGRESS CONTROL NUMBER
LC control number B-228239
020 ## - INTERNATIONAL STANDARD BOOK NUMBER
International Standard Book Number 9788189013387
Terms of availability 0.00
035 ## - SYSTEM CONTROL NUMBER
System control number B-228239
040 ## - CATALOGING SOURCE
Original cataloging agency DPL
Language of cataloging EN
Transcribing agency 0
082 ## - DEWEY DECIMAL CLASSIFICATION NUMBER
Classification number N
Item number DHA
100 ## - MAIN ENTRY--PERSONAL NAME
Personal name Dhar, Payal
245 ## - TITLE STATEMENT
Title Shadow in enternity /
Statement of responsibility, etc by Payal dhar
260 ## - PUBLICATION, DISTRIBUTION, ETC. (IMPRINT)
Place of publication, distribution, etc New Delhi
Name of publisher, distributor, etc Puffin Books
Date of publication, distribution, etc 2006
270 ## - ADDRESS
Address 11community centre, panchsheel park
City New Delhi
Postal code 110017
300 ## - PHYSICAL DESCRIPTION
Extent 290.:
Dimensions 20cm
942 ## - ADDED ENTRY ELEMENTS (KOHA)
Source of classification or shelving scheme Dewey Decimal Classification
Koha item type English Books
Classification part N
Call number suffix DHA

No items available.


© Delhi Public Library
Hit Counter
free hit counter